Normal view
MARC view
- Bukhari, Abu abdullah Moud Bin Ismail
Entry Personal Name
001 - CONTROL NUMBER
- control field: 109378
003 - CONTROL NUMBER IDENTIFIER
- control field: NUST
005 - DATE AND TIME OF LATEST TRANSACTION
- control field: 20230221152523.0
008 - FIXED-LENGTH DATA ELEMENTS
- fixed length control field: 230221|| aca||aabn | a|a d
040 ## - CATALOGING SOURCE
- Original cataloging agency: NUST
- Transcribing agency: NUST
100 ## - HEADING--PERSONAL NAME
- Personal name: Bukhari, Abu abdullah Moud Bin Ismail
670 ## - SOURCE DATA FOUND
- Source citation: Work cat.: (NUST)187911: Bukhari, Abu abdullah Moud Bin Ismail , Bukhari Sharif (Jild-3) / صحیح بخاری شیریف 9 (Urdu) /, 1985
